Lana Del Rey songs beginning with letter "G" - Statistics

General Stats
  • This quiz has been taken 84 times
  • The average score is 5 of 7
Answer Stats
Hint Answer % Correct
Born to die: The paradise edition Gods and monsters
83%
Ultraviolence Guns and roses
76%
Lust for life Groupie love
75%
Lust for life Get free
70%
Honeymoon God knows I tried
67%
Lust for life God bless America - and all the beautiful women in it
56%
Did you know that there's a tunnel under Ocean Blvd Grandfather please stand on the shoulders of my father while he's deep-sea fishing
51%
No matching quizzes found
Score Distribution
Percent of People with Each Score
Percentile by Number Answered
Your Score History
You have not taken this quiz